ABC's for a Successful Manufacturing Business : Step-by-Step Guide through Excellence in Design and Process Control /

El presente trabajo es un manual que guía sobre los factores básicos que se deben de considerar en la administración de un negocio de manufactura bien sea que se fabrique el producto completo, parte del mismo o bien servicios relacionados con este.

-д хадгалсан:
Номзүйн дэлгэрэнгүй
Үндсэн зохиолч: Freudenberger, Richard (autor)
Бусад зохиолчид: Sherland, Sidney D. (autor) (autor)
Формат: Ном
Хэл сонгох:англи
Хэвлэсэн: EUA : 1st Books Library, 2002, c2002
Нөхцлүүд:
Шошгууд: Шошго нэмэх
Шошго байхгүй, Энэхүү баримтыг шошголох эхний хүн болох!

MARC

LEADER 00000nam^a2200000^a^4500
001 000146329
005 20250521000000.0
009 20260310095907.994
020 |a 0-7596-7760-3 
037 |a Acervo ITESO - Biblioteca 
041 |a ING 
082 |a 658. 5  |b FRE 
100 |a Freudenberger, Richard  |e (autor) 
245 1 0 |a ABC's for a Successful Manufacturing Business :  |b Step-by-Step Guide through Excellence in Design and Process Control /  |c R. Freudenberger, S.D. Sherland. 
264 4 |a EUA :  |b 1st Books Library,  |c 2002, c2002 
300 |a 84 p. 
336 |a texto  |b txt  |2 rdacontenido 
337 |a sin mediación  |b n  |2 rdamedio 
338 |a volumen  |b nc  |2 rdasoporte 
520 |a El presente trabajo es un manual que guía sobre los factores básicos que se deben de considerar en la administración de un negocio de manufactura bien sea que se fabrique el producto completo, parte del mismo o bien servicios relacionados con este. 
649 |a XX 
650 |a Producto (Mezcla de Mercadotecnia) 
650 |a Proceso de Producción 
650 |a Administración del Producto 
650 |a Ingeniería Industrial 
650 |a Proceso Administrativo -  |x Dirección 
650 |a Empresas -  |x Administración 
650 |a Ciencias Administrativas 
700 |a Sherland, Sidney D.  |e (autor) 
910 |a Fondo General 
920 |a Impresos - Libros 
930 |a Colección General 
905 |a 101 
901 |a 0500075969  |b IT1  |c ACC  |u 20250521 
902 |a https://opac.biblio.iteso.mx/vufind/Record/000146329